Bezpečnostní standard dodávek plynu

Nenahraditeľné miesto zemného plynu v českej energetike. Spotreba plynu v ČR. Bezpečnosť dodávok zemného plynu. Český energetický zákon. Bezpečnostný štandard dodávok plynu. Legislatíva Európskej únie.

Gespeichert in:
Bibliographische Detailangaben
1. Verfasser: Laco, Dušan
Format: Buchkapitel
Sprache:Tschechisch
Schlagworte:
Tags: Tag hinzufügen
Keine Tags, Fügen Sie das erste Tag hinzu!

MARC

LEADER 00000naa a2200000 4500
001 0242006
005 20180413112759.3
041 0 |a cze 
044 |a CZ 
245 1 0 |a Bezpečnostní standard dodávek plynu  |c Dušan Laco 
520 |a Nenahraditeľné miesto zemného plynu v českej energetike. Spotreba plynu v ČR. Bezpečnosť dodávok zemného plynu. Český energetický zákon. Bezpečnostný štandard dodávok plynu. Legislatíva Európskej únie. 
610 2 0 |a plyn zemný 
610 2 0 |a plynovody 
610 2 0 |a zdroje energie 
610 2 0 |a energia elektrická 
610 2 0 |a energetika 
610 2 0 |a bezpečnosť 
610 2 0 |a spotreba 
610 2 0 |a legislatíva 
610 2 0 |a Česko 
610 2 0 |a Európska únia 
100 1 |a Laco, Dušan